000 00238nam a2200109Ia 4500
999 _c7842
_d7842
020 _a978-0070422124
100 _aRoger LeRoy Miller
245 0 _aModern Money & Banking
260 _aUSA
_bMcGraw Hill
_c1993
300 _a794
942 _cBK